Normal view MARC view

Entry Nombre personal

Number of records used in: 1

001 - NÚMERO DE CONTROL

  • campo de control: 1083

003 - IDENTIFICADOR DE NÚMERO DE CONTROL

  • campo de control: DLC

005 - FECHA Y HORA DE LA ÚLTIMA TRANSACCIÓN

  • campo de control: 20260421134718.0

008 - ELEMENTOS DE DATO DE LONGITUD-FIJA

  • campo de control de longitud fija: 941013n| acannaab| |n aaa c

010 ## - NÚMERO DE CONTROL DE LA BIBLIOTECA DEL CONGRESO

  • Número de control de LC: no 94036201

040 ## - FUENTE DE CATALOGACIÓN

  • Centro catalogador/agencia de origen: CoU
  • Centro/agencia transcriptor: CoU

100 10 - ENCABEZAMIENTO-NOMBRE DE PERSONA

  • Nombre de persona: Corral, José Luis,
  • Fechas asociadas al nombre: 1934-

670 ## - FUENTE DE DATOS ENCONTRADOS

  • Cita de la fuente: José Luis Corral, 1974:
  • Información encontrada: t.p. (José Luis Corral) p. 3 (b. 1934, Soria)